Statistics for RuPaul's Drag Race Trivia #2

Click here to take the quiz!

General Stats

  • This quiz has been taken 2,277 times
  • The average score is 11 of 15

Answer Stats

ChallengeWinning Queen% Correct
Scent of a Drag Queen. (Season 5)Alaska Thunderfuck 5000
90%
Designing an outfit based off party supplies. (Season 6)Bianca Del Rio
90%
Conjoined Twins. (Season 7)Pearl
88%
RuCo's Empire. (Season 8)Bob the Drag Queen
87%
RuPocalypse Now. (Season 4)Sharon Needles
87%
Snatch Game. (Season 2)Tatianna
83%
Float your Boat. (Season 4)Willam Belli
82%
Face, Face, Face of Cakes. (Season 3)Raja Gemini
80%
The Roast of RuPaul. (Season 5)Coco Montrese
76%
Drag on a Dime. (Season 1)Nina Flowers
71%
Drag Queens of Talk. (Season 6)Courtney Act
68%
QNN News. (Season 3)Manila Luzon
65%
ShakeQueer. (Season 7)Max
61%
Live Rock performance of Lady Boy. (Season 2)Jessica Wild
46%
Dynamic Drag Duos. (All Stars)Team Shad
33%

Score Distribution

Percentile by Number Answered

Percent of People with Each Score

Your Score History

You have not taken this quiz